<?xml version="1.0" encoding="UTF-8"?>
<record
    xmlns:xsi="http://www.w3.org/2001/XMLSchema-instance"
    xsi:schemaLocation="http://www.loc.gov/MARC21/slim http://www.loc.gov/standards/marcxml/schema/MARC21slim.xsd"
    xmlns="http://www.loc.gov/MARC21/slim">

  <leader>00639nam a22001337a 4500</leader>
  <datafield tag="040" ind1=" " ind2=" ">
    <subfield code="c">RUA</subfield>
  </datafield>
  <datafield tag="082" ind1=" " ind2=" ">
    <subfield code="a">AGR CHE 2017 B636 Or.1</subfield>
  </datafield>
  <datafield tag="100" ind1=" " ind2=" ">
    <subfield code="a">CHEAM HON KIMLEANG &#x1785;&#x17D2;&#x179A;&#x17C0;&#x1798; &#x17A0;&#x17BB;&#x1784; &#x1782;&#x17B8;&#x1798;&#x179B;&#x17B6;&#x1784;</subfield>
  </datafield>
  <datafield tag="245" ind1=" " ind2=" ">
    <subfield code="a">effect of plant spacing on growth and yield of bok choy ( Brassica chinensis) &#x17A5;&#x1791;&#x17D2;&#x1792;&#x17B8;&#x1796;&#x179B;&#x1793;&#x17C3;&#x1785;&#x1793;&#x17D2;&#x179B;&#x17C4;&#x17C7;&#x1782;&#x17BB;&#x1798;&#x17D2;&#x1796;&#x179B;&#x17BE;&#x1780;&#x17B6;&#x179A;&#x179B;&#x17BC;&#x178F;&#x179B;&#x17B6;&#x179F;&#x17CB;&#x1793;&#x17B7;&#x1784;&#x1791;&#x17B7;&#x1793;&#x17D2;&#x1793;&#x1795;&#x179B;&#x178A;&#x17C6;&#x178E;&#x17B6;&#x17C6;&#x179F;&#x17D2;&#x1796;&#x17C3;&#x178F;&#x17BF;</subfield>
  </datafield>
  <datafield tag="260" ind1=" " ind2=" ">
    <subfield code="a">RUA</subfield>
    <subfield code="b">Phnom penh</subfield>
    <subfield code="c">2017</subfield>
  </datafield>
  <datafield tag="300" ind1=" " ind2=" ">
    <subfield code="a">x;31p</subfield>
    <subfield code="b">ill;</subfield>
    <subfield code="c">29cm</subfield>
  </datafield>
  <datafield tag="856" ind1=" " ind2=" ">
    <subfield code="u">https://drive.google.com/file/d/1utpKJxvyK8m9iX_wRMDxIocBjbH_CyLV/view?usp=sharing</subfield>
  </datafield>
  <datafield tag="942" ind1=" " ind2=" ">
    <subfield code="c">AGR</subfield>
  </datafield>
  <datafield tag="999" ind1=" " ind2=" ">
    <subfield code="c">18003</subfield>
    <subfield code="d">18003</subfield>
  </datafield>
  <datafield tag="952" ind1=" " ind2=" ">
    <subfield code="0">0</subfield>
    <subfield code="1">0</subfield>
    <subfield code="2">ddc</subfield>
    <subfield code="4">0</subfield>
    <subfield code="6">AGR_CHE_2017_000000000000000_B636_OR_1</subfield>
    <subfield code="7">0</subfield>
    <subfield code="9">79679</subfield>
    <subfield code="a">LBB</subfield>
    <subfield code="b">LBB</subfield>
    <subfield code="c">B636</subfield>
    <subfield code="d">2019-07-17</subfield>
    <subfield code="o">AGR CHE 2017 B636 Or.1</subfield>
    <subfield code="p">A44373</subfield>
    <subfield code="r">2019-07-17</subfield>
    <subfield code="w">2019-07-17</subfield>
    <subfield code="y">AGR</subfield>
  </datafield>
  <datafield tag="952" ind1=" " ind2=" ">
    <subfield code="0">0</subfield>
    <subfield code="1">0</subfield>
    <subfield code="2">ddc</subfield>
    <subfield code="4">0</subfield>
    <subfield code="6">AGR_CHE_2017_000000000000000_B636_OR_2</subfield>
    <subfield code="7">0</subfield>
    <subfield code="9">79680</subfield>
    <subfield code="a">LBB</subfield>
    <subfield code="b">LBB</subfield>
    <subfield code="c">B636</subfield>
    <subfield code="d">2019-07-17</subfield>
    <subfield code="l">1</subfield>
    <subfield code="o">AGR CHE 2017 B636 Or.2</subfield>
    <subfield code="p">A45128</subfield>
    <subfield code="r">2022-07-06</subfield>
    <subfield code="s">2022-06-27</subfield>
    <subfield code="w">2019-07-17</subfield>
    <subfield code="y">AGR</subfield>
  </datafield>
  <datafield tag="952" ind1=" " ind2=" ">
    <subfield code="0">0</subfield>
    <subfield code="1">0</subfield>
    <subfield code="2">ddc</subfield>
    <subfield code="4">0</subfield>
    <subfield code="6">AGR_CHE_2017_000000000000000_B636_OR_3</subfield>
    <subfield code="7">0</subfield>
    <subfield code="9">79681</subfield>
    <subfield code="a">LBB</subfield>
    <subfield code="b">LBB</subfield>
    <subfield code="c">B636</subfield>
    <subfield code="d">2019-07-17</subfield>
    <subfield code="l">3</subfield>
    <subfield code="o">AGR CHE 2017 B636 Or.3</subfield>
    <subfield code="p">A44687</subfield>
    <subfield code="r">2022-07-04</subfield>
    <subfield code="s">2022-06-20</subfield>
    <subfield code="w">2019-07-17</subfield>
    <subfield code="y">AGR</subfield>
  </datafield>
  <datafield tag="952" ind1=" " ind2=" ">
    <subfield code="0">0</subfield>
    <subfield code="1">0</subfield>
    <subfield code="2">ddc</subfield>
    <subfield code="4">0</subfield>
    <subfield code="6">AGR_CHE_2017_000000000000000_B636_OR_4</subfield>
    <subfield code="7">0</subfield>
    <subfield code="9">79682</subfield>
    <subfield code="a">LBB</subfield>
    <subfield code="b">LBB</subfield>
    <subfield code="c">B636</subfield>
    <subfield code="d">2019-07-17</subfield>
    <subfield code="l">1</subfield>
    <subfield code="o">AGR CHE 2017 B636 Or.4</subfield>
    <subfield code="p">A44877</subfield>
    <subfield code="r">2020-11-03</subfield>
    <subfield code="s">2020-10-05</subfield>
    <subfield code="w">2019-07-17</subfield>
    <subfield code="y">AGR</subfield>
  </datafield>
  <datafield tag="952" ind1=" " ind2=" ">
    <subfield code="0">0</subfield>
    <subfield code="1">0</subfield>
    <subfield code="2">ddc</subfield>
    <subfield code="4">0</subfield>
    <subfield code="6">AGR_CHE_2017_000000000000000_B636_OR_5</subfield>
    <subfield code="7">0</subfield>
    <subfield code="9">79683</subfield>
    <subfield code="a">LBB</subfield>
    <subfield code="b">LBB</subfield>
    <subfield code="c">B636</subfield>
    <subfield code="d">2019-07-17</subfield>
    <subfield code="l">1</subfield>
    <subfield code="o">AGR CHE 2017 B636 Or.5</subfield>
    <subfield code="p">A44933</subfield>
    <subfield code="r">2020-02-11</subfield>
    <subfield code="s">2020-01-28</subfield>
    <subfield code="w">2019-07-17</subfield>
    <subfield code="y">AGR</subfield>
  </datafield>
  <datafield tag="952" ind1=" " ind2=" ">
    <subfield code="0">0</subfield>
    <subfield code="1">0</subfield>
    <subfield code="2">ddc</subfield>
    <subfield code="4">0</subfield>
    <subfield code="6">AGR_CHE_2017_000000000000000_B636_OR_6</subfield>
    <subfield code="7">0</subfield>
    <subfield code="9">79684</subfield>
    <subfield code="a">LBB</subfield>
    <subfield code="b">LBB</subfield>
    <subfield code="c">B636</subfield>
    <subfield code="d">2019-07-17</subfield>
    <subfield code="l">2</subfield>
    <subfield code="o">AGR CHE 2017 B636 Or.6</subfield>
    <subfield code="p">A44412</subfield>
    <subfield code="r">2023-08-14</subfield>
    <subfield code="s">2023-07-14</subfield>
    <subfield code="w">2019-07-17</subfield>
    <subfield code="y">AGR</subfield>
  </datafield>
</record>
